<?xml version="1.0" encoding="UTF-8"?>
<record
    xmlns:xsi="http://www.w3.org/2001/XMLSchema-instance"
    xsi:schemaLocation="http://www.loc.gov/MARC21/slim http://www.loc.gov/standards/marcxml/schema/MARC21slim.xsd"
    xmlns="http://www.loc.gov/MARC21/slim">

  <leader>00729nam a22001577a 4500</leader>
  <controlfield tag="003">OSt</controlfield>
  <controlfield tag="005">20190730145409.0</controlfield>
  <controlfield tag="008">190730b        xxu||||| |||| 00| 0 eng d</controlfield>
  <datafield tag="040" ind1=" " ind2=" ">
    <subfield code="c">RUA</subfield>
  </datafield>
  <datafield tag="082" ind1=" " ind2=" ">
    <subfield code="a">RUB SOK 2017 B643 Or.1</subfield>
  </datafield>
  <datafield tag="100" ind1=" " ind2=" ">
    <subfield code="9">13783</subfield>
    <subfield code="a">SOK THEARA &#x179F;&#x17BB;&#x1781; &#x1792;&#x17B6;&#x179A;&#x17C9;&#x17B6;</subfield>
  </datafield>
  <datafield tag="245" ind1=" " ind2=" ">
    <subfield code="a">effect of ethephon 1.5% 2.0% 2.5% on clone PB 260 at sopheak nika group co.LTD&#x200B; &#x1794;&#x17D2;&#x179A;&#x179F;&#x17B7;&#x1791;&#x17D2;&#x1792;&#x1797;&#x17B6;&#x1796;&#x1790;&#x17D2;&#x1793;&#x17B6;&#x17C6;&#x179A;&#x17C6;&#x1789;&#x17C1;&#x1785;&#x17A2;&#x17C1;&#x178F;&#x17C1;&#x17A0;&#x17D2;&#x179C;&#x17BC;&#x1793; &#x17E1;,&#x17E5;% &#x17E2;% &#x17E2; ,&#x17E5;% &#x179B;&#x17BE;&#x1780;&#x17D2;&#x179B;&#x17BB;&#x1793;&#x1780;&#x17C5;&#x179F;&#x17CA;&#x17BC;&#x179F;&#x17BB;&#x1797;&#x1780;&#x17D2;&#x1780;&#x17B7; &#x1793;&#x17B8;&#x1780;&#x17B6; &#x17A2;&#x17BB;&#x17B8;&#x1793;&#x179C;&#x17C1;&#x179F;&#x1798;&#x17C2;&#x1793; &#x1782;&#x17D2;&#x179A;&#x17BB;&#x1798; &#x1781;&#x17BC; &#x17A2;&#x17B7;&#x179B;&#x1792;&#x17B8;&#x178C;&#x17B8;</subfield>
  </datafield>
  <datafield tag="260" ind1=" " ind2=" ">
    <subfield code="a">RUA</subfield>
    <subfield code="b">Phnom penh</subfield>
    <subfield code="c">2017</subfield>
  </datafield>
  <datafield tag="300" ind1=" " ind2=" ">
    <subfield code="a">x;48p</subfield>
    <subfield code="b">ill;</subfield>
    <subfield code="c">29cm</subfield>
  </datafield>
  <datafield tag="942" ind1=" " ind2=" ">
    <subfield code="2">ddc</subfield>
    <subfield code="c">RUB</subfield>
  </datafield>
  <datafield tag="999" ind1=" " ind2=" ">
    <subfield code="c">18111</subfield>
    <subfield code="d">18111</subfield>
  </datafield>
  <datafield tag="952" ind1=" " ind2=" ">
    <subfield code="0">0</subfield>
    <subfield code="1">0</subfield>
    <subfield code="2">ddc</subfield>
    <subfield code="4">0</subfield>
    <subfield code="6">RUB_SOK_2017_000000000000000_B643_OR_1</subfield>
    <subfield code="7">0</subfield>
    <subfield code="9">80729</subfield>
    <subfield code="a">LBB</subfield>
    <subfield code="b">LBB</subfield>
    <subfield code="c">B643</subfield>
    <subfield code="d">2019-07-30</subfield>
    <subfield code="o">RUB SOK 2017 B643 Or.1</subfield>
    <subfield code="p">A41943</subfield>
    <subfield code="r">2019-07-30</subfield>
    <subfield code="w">2019-07-30</subfield>
    <subfield code="y">RUB</subfield>
  </datafield>
  <datafield tag="952" ind1=" " ind2=" ">
    <subfield code="0">0</subfield>
    <subfield code="1">0</subfield>
    <subfield code="2">ddc</subfield>
    <subfield code="4">0</subfield>
    <subfield code="6">RUB_SOK_2017_000000000000000_B643_OR_2</subfield>
    <subfield code="7">0</subfield>
    <subfield code="9">80730</subfield>
    <subfield code="a">LBB</subfield>
    <subfield code="b">LBB</subfield>
    <subfield code="c">B643</subfield>
    <subfield code="d">2019-07-30</subfield>
    <subfield code="o">RUB SOK 2017 B643 Or.2</subfield>
    <subfield code="p">A42018</subfield>
    <subfield code="r">2019-07-30</subfield>
    <subfield code="w">2019-07-30</subfield>
    <subfield code="y">RUB</subfield>
  </datafield>
  <datafield tag="952" ind1=" " ind2=" ">
    <subfield code="0">0</subfield>
    <subfield code="1">0</subfield>
    <subfield code="2">ddc</subfield>
    <subfield code="4">0</subfield>
    <subfield code="6">RUB_SOK_2017_000000000000000_B643_OR_3</subfield>
    <subfield code="7">0</subfield>
    <subfield code="9">80731</subfield>
    <subfield code="a">LBB</subfield>
    <subfield code="b">LBB</subfield>
    <subfield code="c">B643</subfield>
    <subfield code="d">2019-07-30</subfield>
    <subfield code="o">RUB SOK 2017 B643 Or.3</subfield>
    <subfield code="p">A42013</subfield>
    <subfield code="r">2019-07-30</subfield>
    <subfield code="w">2019-07-30</subfield>
    <subfield code="y">RUB</subfield>
  </datafield>
  <datafield tag="952" ind1=" " ind2=" ">
    <subfield code="0">0</subfield>
    <subfield code="1">0</subfield>
    <subfield code="2">ddc</subfield>
    <subfield code="4">0</subfield>
    <subfield code="6">RUB_SOK_2017_000000000000000_B643_OR_4</subfield>
    <subfield code="7">0</subfield>
    <subfield code="9">80732</subfield>
    <subfield code="a">LBB</subfield>
    <subfield code="b">LBB</subfield>
    <subfield code="c">B643</subfield>
    <subfield code="d">2019-07-30</subfield>
    <subfield code="l">1</subfield>
    <subfield code="o">RUB SOK 2017 B643 Or.4</subfield>
    <subfield code="p">A41783</subfield>
    <subfield code="r">2021-12-01</subfield>
    <subfield code="s">2021-11-16</subfield>
    <subfield code="w">2019-07-30</subfield>
    <subfield code="y">RUB</subfield>
  </datafield>
  <datafield tag="952" ind1=" " ind2=" ">
    <subfield code="0">0</subfield>
    <subfield code="1">0</subfield>
    <subfield code="2">ddc</subfield>
    <subfield code="4">0</subfield>
    <subfield code="6">RUB_SOK_2017_000000000000000_B643_OR_5</subfield>
    <subfield code="7">0</subfield>
    <subfield code="9">80733</subfield>
    <subfield code="a">LBB</subfield>
    <subfield code="b">LBB</subfield>
    <subfield code="c">B643</subfield>
    <subfield code="d">2019-07-30</subfield>
    <subfield code="l">1</subfield>
    <subfield code="o">RUB SOK 2017 B643 Or.5</subfield>
    <subfield code="p">A41793</subfield>
    <subfield code="r">2020-12-21</subfield>
    <subfield code="s">2020-03-04</subfield>
    <subfield code="w">2019-07-30</subfield>
    <subfield code="y">RUB</subfield>
  </datafield>
  <datafield tag="952" ind1=" " ind2=" ">
    <subfield code="0">0</subfield>
    <subfield code="1">0</subfield>
    <subfield code="2">ddc</subfield>
    <subfield code="4">0</subfield>
    <subfield code="6">RUB_SOK_2017_000000000000000_B643_OR_6</subfield>
    <subfield code="7">0</subfield>
    <subfield code="9">80734</subfield>
    <subfield code="a">LBB</subfield>
    <subfield code="b">LBB</subfield>
    <subfield code="c">B643</subfield>
    <subfield code="d">2019-07-30</subfield>
    <subfield code="l">1</subfield>
    <subfield code="o">RUB SOK 2017 B643 Or.6</subfield>
    <subfield code="p">A41868</subfield>
    <subfield code="r">2020-03-11</subfield>
    <subfield code="s">2020-03-09</subfield>
    <subfield code="w">2019-07-30</subfield>
    <subfield code="y">RUB</subfield>
  </datafield>
</record>
